<?xml version="1.0" encoding="UTF-8"?>
<record
    xmlns:xsi="http://www.w3.org/2001/XMLSchema-instance"
    xsi:schemaLocation="http://www.loc.gov/MARC21/slim http://www.loc.gov/standards/marcxml/schema/MARC21slim.xsd"
    xmlns="http://www.loc.gov/MARC21/slim">

  <leader>00613nam a22001337a 4500</leader>
  <datafield tag="040" ind1=" " ind2=" ">
    <subfield code="c">RUA </subfield>
  </datafield>
  <datafield tag="082" ind1=" " ind2=" ">
    <subfield code="a">VEM CHO 2014 B437 Or.1</subfield>
  </datafield>
  <datafield tag="100" ind1=" " ind2=" ">
    <subfield code="a">CHOUN, SOKHA.</subfield>
  </datafield>
  <datafield tag="245" ind1=" " ind2=" ">
    <subfield code="a">Survey on common infectious diseases on cattle in bosdth district, kampong speu province (&#x17A2;&#x1784;&#x17D2;&#x1780;&#x17C1;&#x178F;&#x1796;&#x17B8;&#x1787;&#x17C6;&#x1784;&#x17BA;&#x1786;&#x17D2;&#x179B;&#x1784;&#x179F;&#x17C6;&#x1781;&#x17B6;&#x1793;&#x17CB;&#x17D7;&#x1793;&#x17C4;&#x1780;&#x17D2;&#x1793;&#x17BB;&#x1784;&#x179F;&#x17D2;&#x179A;&#x17BB;&#x1780;&#x1794;&#x179A;&#x179F;&#x17C1;&#x1784;&#x17D2;&#x178B;&#x1781;&#x17C1;&#x178F;&#x17D2;&#x178F;&#x1780;&#x17C6;&#x1796;&#x1784;&#x17CB;&#x179F;&#x17D2;&#x1796;&#x17BA;)</subfield>
  </datafield>
  <datafield tag="260" ind1=" " ind2=" ">
    <subfield code="a">Phnom Penh</subfield>
    <subfield code="b">RUA</subfield>
    <subfield code="c">2014</subfield>
  </datafield>
  <datafield tag="300" ind1=" " ind2=" ">
    <subfield code="a">x, 40p.</subfield>
    <subfield code="b">ill.</subfield>
    <subfield code="c">29cm.</subfield>
  </datafield>
  <datafield tag="856" ind1=" " ind2=" ">
    <subfield code="u">https://drive.google.com/file/d/1mFIWxZckypKQsXq6XPxyzaDVowv40OBb/view?usp=sharing</subfield>
  </datafield>
  <datafield tag="942" ind1=" " ind2=" ">
    <subfield code="c">VEM</subfield>
  </datafield>
  <datafield tag="999" ind1=" " ind2=" ">
    <subfield code="c">7111</subfield>
    <subfield code="d">7111</subfield>
  </datafield>
  <datafield tag="952" ind1=" " ind2=" ">
    <subfield code="0">0</subfield>
    <subfield code="1">0</subfield>
    <subfield code="2">ddc</subfield>
    <subfield code="4">0</subfield>
    <subfield code="6">VEM_CHO_2014_000000000000000_B437_OR_1</subfield>
    <subfield code="7">0</subfield>
    <subfield code="9">41533</subfield>
    <subfield code="a">LBB</subfield>
    <subfield code="b">LBB</subfield>
    <subfield code="c">B437</subfield>
    <subfield code="d">2016-02-26</subfield>
    <subfield code="o">VEM CHO 2014 B437 Or.1</subfield>
    <subfield code="p">RUA053085</subfield>
    <subfield code="r">2016-02-26</subfield>
    <subfield code="w">2016-02-26</subfield>
    <subfield code="y">VEM</subfield>
  </datafield>
  <datafield tag="952" ind1=" " ind2=" ">
    <subfield code="0">0</subfield>
    <subfield code="1">0</subfield>
    <subfield code="2">ddc</subfield>
    <subfield code="4">0</subfield>
    <subfield code="6">VEM_CHO_2014_000000000000000_B437_OR_2</subfield>
    <subfield code="7">0</subfield>
    <subfield code="9">41534</subfield>
    <subfield code="a">LBB</subfield>
    <subfield code="b">LBB</subfield>
    <subfield code="c">B437</subfield>
    <subfield code="d">2016-02-26</subfield>
    <subfield code="l">1</subfield>
    <subfield code="o">VEM CHO 2014 B437 Or.2</subfield>
    <subfield code="p">RUA053088</subfield>
    <subfield code="r">2016-07-25</subfield>
    <subfield code="s">2016-07-13</subfield>
    <subfield code="w">2016-02-26</subfield>
    <subfield code="y">VEM</subfield>
  </datafield>
  <datafield tag="952" ind1=" " ind2=" ">
    <subfield code="0">0</subfield>
    <subfield code="1">0</subfield>
    <subfield code="2">ddc</subfield>
    <subfield code="4">0</subfield>
    <subfield code="6">VEM_CHO_2014_000000000000000_B437_OR_3</subfield>
    <subfield code="7">0</subfield>
    <subfield code="9">41535</subfield>
    <subfield code="a">LBB</subfield>
    <subfield code="b">LBB</subfield>
    <subfield code="c">B437</subfield>
    <subfield code="d">2016-02-26</subfield>
    <subfield code="o">VEM CHO 2014 B437 Or.3</subfield>
    <subfield code="p">RUA053434</subfield>
    <subfield code="r">2016-02-26</subfield>
    <subfield code="w">2016-02-26</subfield>
    <subfield code="y">VEM</subfield>
  </datafield>
  <datafield tag="952" ind1=" " ind2=" ">
    <subfield code="0">0</subfield>
    <subfield code="1">0</subfield>
    <subfield code="2">ddc</subfield>
    <subfield code="4">0</subfield>
    <subfield code="6">VEM_CHO_2014_000000000000000_B437_OR_4</subfield>
    <subfield code="7">0</subfield>
    <subfield code="9">41536</subfield>
    <subfield code="a">LBB</subfield>
    <subfield code="b">LBB</subfield>
    <subfield code="c">B437</subfield>
    <subfield code="d">2016-02-26</subfield>
    <subfield code="o">VEM CHO 2014 B437 Or.4</subfield>
    <subfield code="p">RUA053473</subfield>
    <subfield code="r">2016-02-26</subfield>
    <subfield code="w">2016-02-26</subfield>
    <subfield code="y">VEM</subfield>
  </datafield>
  <datafield tag="952" ind1=" " ind2=" ">
    <subfield code="0">0</subfield>
    <subfield code="1">0</subfield>
    <subfield code="2">ddc</subfield>
    <subfield code="4">0</subfield>
    <subfield code="6">VEM_CHO_2014_000000000000000_B437_OR_5</subfield>
    <subfield code="7">0</subfield>
    <subfield code="9">41537</subfield>
    <subfield code="a">LBB</subfield>
    <subfield code="b">LBB</subfield>
    <subfield code="c">B437</subfield>
    <subfield code="d">2016-02-26</subfield>
    <subfield code="o">VEM CHO 2014 B437 Or.5</subfield>
    <subfield code="p">RUA052681</subfield>
    <subfield code="r">2016-02-26</subfield>
    <subfield code="w">2016-02-26</subfield>
    <subfield code="y">VEM</subfield>
  </datafield>
  <datafield tag="952" ind1=" " ind2=" ">
    <subfield code="0">0</subfield>
    <subfield code="1">0</subfield>
    <subfield code="2">ddc</subfield>
    <subfield code="4">0</subfield>
    <subfield code="6">VEM_CHO_2014_000000000000000_B437_OR_6</subfield>
    <subfield code="7">0</subfield>
    <subfield code="9">41538</subfield>
    <subfield code="a">LBB</subfield>
    <subfield code="b">LBB</subfield>
    <subfield code="c">B437</subfield>
    <subfield code="d">2016-02-26</subfield>
    <subfield code="o">VEM CHO 2014 B437 Or.6</subfield>
    <subfield code="p">RUA053243</subfield>
    <subfield code="r">2016-02-26</subfield>
    <subfield code="w">2016-02-26</subfield>
    <subfield code="y">VEM</subfield>
  </datafield>
  <datafield tag="952" ind1=" " ind2=" ">
    <subfield code="0">0</subfield>
    <subfield code="1">0</subfield>
    <subfield code="2">ddc</subfield>
    <subfield code="4">0</subfield>
    <subfield code="6">VEM_CHO_2014_000000000000000_B437_OR_7</subfield>
    <subfield code="7">0</subfield>
    <subfield code="9">41539</subfield>
    <subfield code="a">LBB</subfield>
    <subfield code="b">LBB</subfield>
    <subfield code="c">B437</subfield>
    <subfield code="d">2016-02-26</subfield>
    <subfield code="o">VEM CHO 2014 B437 Or.7</subfield>
    <subfield code="p">RUA053241</subfield>
    <subfield code="r">2016-02-26</subfield>
    <subfield code="w">2016-02-26</subfield>
    <subfield code="y">VEM</subfield>
  </datafield>
  <datafield tag="952" ind1=" " ind2=" ">
    <subfield code="0">0</subfield>
    <subfield code="1">0</subfield>
    <subfield code="2">ddc</subfield>
    <subfield code="4">0</subfield>
    <subfield code="6">VEM_CHO_2014_000000000000000_B437_OR_8</subfield>
    <subfield code="7">0</subfield>
    <subfield code="9">41540</subfield>
    <subfield code="a">LBB</subfield>
    <subfield code="b">LBB</subfield>
    <subfield code="c">B437</subfield>
    <subfield code="d">2016-02-26</subfield>
    <subfield code="o">VEM CHO 2014 B437 Or.8</subfield>
    <subfield code="p">RUA052507</subfield>
    <subfield code="r">2016-02-26</subfield>
    <subfield code="w">2016-02-26</subfield>
    <subfield code="y">VEM</subfield>
  </datafield>
  <datafield tag="952" ind1=" " ind2=" ">
    <subfield code="0">0</subfield>
    <subfield code="1">0</subfield>
    <subfield code="4">0</subfield>
    <subfield code="6">VEM_CHO_2014_000000000000000_B692_OR_1</subfield>
    <subfield code="7">0</subfield>
    <subfield code="9">87393</subfield>
    <subfield code="a">LBB</subfield>
    <subfield code="b">LBB</subfield>
    <subfield code="c">B692</subfield>
    <subfield code="d">2021-11-12</subfield>
    <subfield code="o">VEM CHO 2014 B692 Or.1</subfield>
    <subfield code="p">A066931</subfield>
    <subfield code="r">2021-11-12</subfield>
    <subfield code="w">2021-11-12</subfield>
    <subfield code="y">VEM</subfield>
  </datafield>
</record>
